|
|
|
|
| LEADER |
00000nam0a2200000 4500 |
| 001 |
361277 |
| 005 |
20250211063217.0 |
| 035 |
|
|
|a (RuTPU)RU\TPU\retro\18603
|
| 035 |
|
|
|a RU\TPU\retro\18599
|
| 090 |
|
|
|a 361277
|
| 100 |
|
|
|a 20210602d1976 k y0rusy5003 ca
|
| 101 |
0 |
|
|a rus
|
| 102 |
|
|
|a RU
|
| 105 |
|
|
|a y z 001zy
|
| 200 |
1 |
|
|a Вычислительная техника
|e [тематический сборник]
|f Московский энергетический институт ; под ред. В. П. Данчеева и др.
|
| 210 |
|
|
|a Москва
|c Изд-во МЭИ
|d 1976
|
| 215 |
|
|
|a 139 с.
|c табл., ил.
|
| 225 |
1 |
|
|a Труды Московского энергетического института (МЭИ)
|v Вып. 303
|
| 320 |
|
|
|a Библиогр. в конце ст.
|
| 500 |
1 |
0 |
|a Труды Московского энергетического института
|9 88841
|
| 606 |
1 |
|
|a Вычислительная техника
|x В целом
|2 stltpush
|3 (RuTPU)RU\TPU\subj\4023
|9 32339
|
| 610 |
1 |
|
|a ЭВМ
|
| 610 |
1 |
|
|a аппаратурное обеспечение
|
| 610 |
1 |
|
|a математическое обеспечение
|
| 610 |
1 |
|
|a модули системы
|
| 610 |
1 |
|
|a оперативные запоминающие устройства
|
| 610 |
1 |
|
|a тонкие слои
|
| 610 |
1 |
|
|a вакуумное напыление
|
| 610 |
1 |
|
|a обработка данных
|
| 610 |
1 |
|
|a накопители информации
|
| 610 |
1 |
|
|a внешняя память
|
| 610 |
1 |
|
|a автоматическое проектирование
|
| 610 |
1 |
|
|a алгоритмы
|
| 610 |
1 |
|
|a функциональные узлы
|
| 610 |
1 |
|
|a ГИС
|
| 610 |
1 |
|
|a массовое обслуживание
|
| 610 |
1 |
|
|a запоминающие устройства
|
| 610 |
1 |
|
|a надежность
|
| 610 |
1 |
|
|a цифро-частотные интеграторы
|
| 610 |
1 |
|
|a контроль
|
| 610 |
1 |
|
|a диагностика
|
| 610 |
1 |
|
|a решение задач
|
| 610 |
1 |
|
|a преобразования Лапласа
|
| 610 |
1 |
|
|a конечные автоматы
|
| 610 |
1 |
|
|a теплообмен
|
| 610 |
1 |
|
|a человеческий организм
|
| 610 |
1 |
|
|a модели прямой аналогии
|
| 610 |
1 |
|
|a подготовка специалистов
|
| 610 |
1 |
|
|a Чехословацкая Социалистическая Республика (ЧССР)
|
| 675 |
|
|
|a 681.31
|v 3
|
| 702 |
|
1 |
|a Данчеев
|b В. П.
|4 340
|
| 702 |
|
1 |
|a Дерюгин
|b А. А.
|4 340
|
| 702 |
|
1 |
|a Огнев
|b И. В.
|4 340
|
| 702 |
|
1 |
|a Семенова
|b Е. Т.
|4 340
|
| 702 |
|
1 |
|a Иванова
|b Н. К.
|4 340
|
| 702 |
|
1 |
|a Литиков
|b И. П.
|4 340
|
| 712 |
0 |
2 |
|a Московский энергетический институт
|c (1930-1992)
|3 (RuTPU)RU\TPU\col\20092
|9 27693
|
| 801 |
|
0 |
|a RU
|b 63413507
|c 19950704
|g psbo
|
| 801 |
|
1 |
|a RU
|b 63413507
|c 20060118
|g PSBO
|
| 801 |
|
2 |
|a RU
|b 63413507
|c 20220211
|g PSBO
|
| 942 |
|
|
|c BK
|